000 00326nam a22001457a 4500
003 SGT
020 _a9788123749761
082 _a923.154
_bI12M
100 _aMALHOTRA, INDER
245 _aINDIRA GANDHI
260 _aINDIA
_bNATIONAL BOOK TRUST
_c2012
300 _a187
650 _aPRIME MINISTER OF INDIA
942 _2ddc
_cBK
999 _c25868
_d25868